000 00615nam a22002057a 4500
005 20241214115022.0
008 241213b ||||| |||| 00| 0 eng d
040 _cAL
041 _aEnglish
082 _223
_a348.04
_bCHAI
100 _aJagjit Singh Chawla Ed
_9190969
100 _9190962
_dTejinder Pal Singh Chawla Ed
245 _aIndian Civil Cases: Vol 30 2003(2)
260 _aChandigarh
_bICC Publications
_c2003
300 _a973 p.
_bHB
_c24x15 cm.
365 _a1061
_b₹2186.35
_c
_d₹2995.00
_e27%
_f28-11-2024
440 _aVolume 30
_9190876
650 _aCivil Laws
_9190877
942 _2ddc
_cBI
999 _c232908
_d232908